| 000 | 00750nam a22002054a 4500 | ||
|---|---|---|---|
| 001 | 000019071 | ||
| 005 | 20200929165920.0 | ||
| 008 | 990219s1972 ve a b f000 0bspa | ||
| 040 |
_aDO-SdBNP _cDLC _dBNPHU |
||
| 082 |
_aV861.42 _bP438d |
||
| 100 | 1 |
_aPérez Martínez, Rosa María. _941034 |
|
| 245 | 1 | 0 |
_aDon Jorge Schmidke : _bestudio monografico / _cRosa María Pérez Martínez. |
| 260 |
_aCaracas : _b[Escuela de Educacion de la Universidad Central de Venezuela], _c1972. |
||
| 300 |
_a40 p. : _bil. ; _c24 cm. |
||
| 504 | _aIncludes bibliographical references (p. 38). | ||
| 600 | 1 | 0 |
_aSSHMIDKE, JORGE _vBIOGRAFÍA. _941035 |
| 650 | 4 |
_aPoesía venezolana _ySIGLO XX _vBIOGRAFÍA _941036 |
|
| 910 | _aCatalogación derivada / LC | ||
| 049 | _aBNGR | ||
| 999 |
_c18589 _d18589 |
||